Central Library OPAC University of Rajshahi

River geomorphology / (Record no. 10669)

MARC details
000 -LEADER
fixed length control field 01216cam a2200313 a 4500
001 - CONTROL NUMBER
control field 10669
003 - CONTROL NUMBER IDENTIFIER
rucl marc code BD-RjUL
005 - DATE AND TIME OF LATEST TRANSACTION
control field 20211208235008.0
008 - FIXED-LENGTH DATA ELEMENTS--GENERAL INFORMATION
fixed length control field 140125r19961995enkab b 101 0 eng
020 ## - INTERNATIONAL STANDARD BOOK NUMBER
International Standard Book Number 0471955310
035 ## - SYSTEM CONTROL NUMBER
System control number (BD-RjUL) 10717
040 ## - CATALOGING SOURCE
Original cataloging agency DLC
Transcribing agency DLC
Modifying agency DLC
-- BD-RjUL
Language of cataloging eng
041 ## - LANGUAGE CODE
Language code of text/sound track or separate title eng
082 00 - DEWEY DECIMAL CLASSIFICATION NUMBER
Classification number 551.483
Edition number 23
Author mark and year RIV 1996
245 00 - TITLE STATEMENT
Title River geomorphology /
Statement of responsibility, etc. edited by Edward J. Hickin.
260 ## - PUBLICATION, DISTRIBUTION, ETC. (IMPRINT)
Place of publication, distribution, etc. New York :
Name of publisher, distributor, etc. Wiley,
Date of publication, distribution, etc. c1995 [reprinted 1996].
300 ## - PHYSICAL DESCRIPTION
Pagination xii, 255 p. :
Illustrations ill., maps ;
Size 25 cm.
490 1# - SERIES STATEMENT
Series statement Publication / International Association of Geomorphologists ;
Volume/sequential designation no. 2
500 ## - GENERAL NOTE
General note Papers from the Third International Geomorphology Conference held at McMaster University, Hamilton, Ontario, in Aug. 1993.
504 ## - BIBLIOGRAPHY, ETC. NOTE
Bibliography, etc Includes bibliographical references and index.
650 #0 - SUBJECT ADDED ENTRY--TOPICAL TERM
Topical term or geographic name as entry element Rivers
General subdivision Congresses.
9 (RLIN) 32991
Topical term or geographic name as entry element Geomorphology
General subdivision Congresses.
9 (RLIN) 32992
700 1# - ADDED ENTRY--PERSONAL NAME
Personal name Hickin, Edward J.
711 2# - ADDED ENTRY--MEETING NAME
Meeting name or jurisdiction name as entry element International Conference on Geomorphology
Number of part/section/meeting (3rd :
Date of meeting McMaster University :
Location of meeting 1993)
9 (RLIN) 32995
830 #0 - SERIES ADDED ENTRY--UNIFORM TITLE
Volume number/sequential designation no. 2.
Uniform title Publication (International Association of Geomorphologists) ;
942 ## - ADDED ENTRY ELEMENTS (KOHA)
Source of classification or shelving scheme Dewey Decimal Classification
Koha item type Books
Holdings
Lost status Source of classification or shelving scheme Damaged status Not for loan Collection code Permanent Location Current Location Shelving location Date acquired Source of acquisition Cost, normal purchase price Total Checkouts Full call number Date last seen Copy number Koha item type
  Dewey Decimal Classification   Not For Loan Non-fiction Central Library, University of Rajshahi Central Library, University of Rajshahi   28/04/1998 Ahashania mission 4702.91   551.483 RIV 1996 25/01/2014 C-3 Books
  Dewey Decimal Classification     Non-fiction Central Library, University of Rajshahi Central Library, University of Rajshahi   28/04/1998 Ahashania mission 4702.91   551.483 RIV 1996 28/09/2016 C-2 Books